000 00656 a2200181 4500
020 _a0849309352
040 _aDLC
_bDLC
082 0 0 _a621.382/7
100 1 _aFranz, J.H.
245 1 0 _aOptical communications components and systems : analysis, design, optimization, application
_cJ.H. Franz, V.K. Jain.
260 _aBoca Raton, FL :
_bCRC Press/Narosa Pub. House,
_cc2000.
300 _axvi, 717 p. :
_bill. ;
_c25 cm.
650 0 _aOptical communications.
650 0 _aOptoelectronic devices.
700 1 _aJain, V. K.
856 4 2 _3Publisher description
_uhttp://www.loc.gov/catdir/enhancements/fy0646/00057982-d.html
942 _cBK
_k621.3827 FRA
_2ddc
999 _c8278
_d8278